Les meilleurs buteurs de Chelsea depuis 2010 - Statistiques

Statistiques générales
  • Ce quiz a été pris 1 862 fois
    114 depuis la dernière actualisation
  • Le résultat moyen est 23 sur 55
Statistiques - réponses
Classement Nombre de buts marqués Joueur % Correct
43ème 14 Demba Ba
92%
11ème 33 Didier Drogba
88%
1er 110 Eden Hazard
85%
5ème 53 Cole Palmer
84%
4ème 54 Frank Lampard
78%
3ème 59 Diego Costa
71%
19ème 29 John Terry
65%
2ème 63 Willian
65%
14ème 32 Kai Havertz
64%
8ème 39 Olivier Giroud
62%
46ème 13 N'Golo Kanté
60%
6ème 45 Fernando Torres
58%
- 23 João Pedro
58%
7ème 43 Pedro
58%
- 19 Raheem Sterling
54%
42ème 15 Romelu Lukaku
52%
26ème 23 Timo Werner
52%
- 18 David Luiz
51%
- 33 Mason Mount
49%
- 16 Reece James
49%
25ème 24 Alvaro Morata
48%
- 31 Enzo Fernandez
48%
- 30 Nicolas Jackson
45%
28ème 22 Cesc Fabregas
44%
- 19 Pedro Neto
44%
10ème 34 Ramires
44%
- 17 Nicolas Anelka
42%
9ème 38 Oscar
42%
15ème 31 Branislav Ivanovic
40%
37ème 17 Florent Malouda
40%
23ème 25 Gary Cahill
40%
- 33 Juan Mata
40%
- 17 César Azpilicueta
38%
- 12 Samuel Eto'o
38%
- 29 Jorginho
34%
17ème 30 Tammy Abraham
33%
22ème 26 Christian Pulisic
32%
- 12 Antonio Rüdiger
27%
- 18 Christopher Nkunku
27%
33ème 18 Salomon Kalou
27%
- 29 Marcos Alonso
26%
- 10 Mykhaïlo Mudryk
25%
29ème 20 Noni Madueke
25%
- 25 Michy Batshuayi
22%
53ème 10 Kurt Zouma
21%
- 14 Hakim Ziyech
20%
52ème 11 João Félix
20%
48ème 12 Loïc Rémy
20%
- 13 Ruben Loftus-Cheek
19%
- 18 Victor Moses
19%
40ème 16 Callum Hudson-Odoi
15%
30ème 19 Daniel Sturridge
14%
- 14 André Schürrle
13%
- 10 Conor Gallagher
13%
- 12 Ross Barkley
12%
Aucun quiz correspondant
Distribution des résultats
% des personnes avec chaque résultat
Percentile par nombre de réponses
Votre historique - résultats
Vous n’avez pas pris ce quiz depuis la dernière actualisation